LEADER 00835nam0-22003011i-450 001 990001861810403321 005 20190617111805.0 010 $a88-506-0017-8 035 $a000186181 035 $aFED01000186181 035 $a(Aleph)000186181FED01 035 $a000186181 100 $a20021010d2001----km-y0itay50------ba 101 0 $aita 200 1 $aOrchidee$e160 orchidee da conoscere e coltivare$fAssociazione Laziale Orchidee 210 $aBologna$cEdagricole$d2001 215 $aVII, 155 p.$d21 cm 610 0 $aOrchidaceae 676 $a635.934 15 710 02$aAssociazione laziale orchidee$0358366 801 0$aIT$bUNINA$gRICA$2UNIMARC 901 $aBK 912 $a990001861810403321 952 $a60 635.934 ALOR 2001$b8341$fFAGBC 959 $aFAGBC 996 $aOrchidee$9401777 997 $aUNINA DB $aING01